|
|
|
|
| LEADER |
00000nam0a2200000 4500 |
| 001 |
94448 |
| 005 |
20231031105644.0 |
| 035 |
|
|
|a (RuTPU)RU\TPU\book\101175
|
| 090 |
|
|
|a 94448
|
| 100 |
|
|
|a 20060411d1974 km y0rusy50 ca
|
| 101 |
0 |
|
|a rus
|
| 102 |
|
|
|a RU
|
| 105 |
|
|
|a a z 001zy
|
| 200 |
1 |
|
|a Высокочастотные электротермические установки с ламповыми генераторами
|f А. В. Донской, Г. С. Рамм, Ю. Б. Вигдорович
|
| 205 |
|
|
|a 2-е изд., перераб. и доп.
|
| 210 |
|
|
|a Ленинград
|c Энергия
|d 1974
|
| 215 |
|
|
|a 208 с.
|c ил.
|
| 320 |
|
|
|a Библиогр.: с. 205-206.
|
| 610 |
1 |
|
|a высокочастотная электротермия
|
| 610 |
1 |
|
|a ламповые генераторы
|
| 610 |
1 |
|
|a электротермические установки
|
| 610 |
1 |
|
|a плавка
|
| 610 |
1 |
|
|a термическая обработка
|
| 610 |
1 |
|
|a сварка
|
| 610 |
1 |
|
|a плавка
|
| 610 |
1 |
|
|a применение
|
| 675 |
|
|
|a 621.365.52
|v 3
|
| 700 |
|
1 |
|a Донской
|b А. В.
|g Александр Васильевич
|
| 701 |
|
1 |
|a Рамм
|b Г. С.
|g Григорий Самойлович
|
| 701 |
|
1 |
|a Вигдорович
|b Ю. Б.
|g Юрий Борисович
|
| 801 |
|
1 |
|a RU
|b 63413507
|c 20060411
|g PSBO
|
| 801 |
|
2 |
|a RU
|b 63413507
|c 20160206
|g PSBO
|
| 942 |
|
|
|c BK
|